000 00248nam a22001217a 4500
008 171101b xxu||||| |||| 00| 0 eng d
041 _aeng
080 _a339.9
100 _a59
101 _aGLO
245 _aGLOBAL
_cMORRISON,P
942 _2udc
_cBK
999 _c37108
_d37108